| 000 | aam a22 a 4500 | ||
|---|---|---|---|
| 999 |
_c4388 _d4388 |
||
| 003 | AKMAL | ||
| 005 | 20170529151317.0 | ||
| 008 | 303783s2004 my e l 000 0 may d | ||
| 020 |
_a967891459X _qpaperback _cRM29.50 |
||
| 082 | 0 | 4 |
_a342.595068 PER _223 |
| 090 | 0 | 0 |
_a342.595068 _bPER |
| 110 | 1 |
_aMalaysia, _ejurisdiction governed. _9400 |
|
| 245 | 1 | 0 |
_aPERINTAH-PERINTAH AM DAN ARAHAN PENTADBIRAN : _b(HINGGA 10HB FEBRUARI 2004) / _cDisusun oleh: Lembaga Penyelidikan Undang-Undang |
| 264 | 1 |
_aPetaling Jaya, Selangor : _bInternational Law Book Services, _c2004 |
|
| 300 |
_a758 pages ; _c24 cm. |
||
| 490 | 1 | _aUNDANG-UNDANG MALAYSIA | |
| 505 | 0 | 0 |
_aContent: _tPerintah-perintah Am -- _tPeraturan-peraturan Lembaga Tatatertib Perkhidmatan Awam 1993 -- _tArahan Perbendaharaan -- _tAkta Prosedur Kewangan 1957 -- _tArahan perkhidmatan -- _tTatacara Pengurusan Stor -- _tSukatan Peperiksaan Undang-undang Kerajaan |
| 650 | 1 | 0 |
_aCivil service ethics _zMalaysia _9416 |
| 650 | 2 | 0 |
_aAdministrative agencies _zMalaysia _9548 |
| 650 | 2 | 0 |
_aAdministrative procedure _zMalaysia _9425 |
| 651 | 0 |
_aMalaysia _xOfficials and employees _9426 |
|
| 710 | 2 |
_aLembaga Penyelidikan Undang-Undang, _eeditor. _98551 |
|
| 830 | 0 |
_aUndang-undang Malaysia _98552 |
|
| 942 |
_2ddc _cBOOK |
||